000 00518nam a2200169 a 4500
005 20140412111322.0
008 010420s19uu xx 00 eng d
020 _a0-330-30700-2
050 _aM 428.6
_bA755 1990
100 _aArnold, Helen
245 _aWeather wise /
_cHelen Arnold; illustrated by Tony Kenyon and Sharon Boston.
260 _aLondon :
_bPan Books Ltd,
_c1990.
300 _a32p. ; ill.
440 _aRead Together, level 4
650 _aEnglish language, Readers-For children
999 _c104404
_d104404